Séries TV Françaises - Statistiques

Statistiques générales
  • Ce quiz a été pris 91 fois
    81 depuis la dernière actualisation
  • Le résultat moyen est 29 sur 97
Statistiques - réponses
Par images Réponse % Correct
Un gars, Une fille
85%
Joséphine Ange Gardien
75%
HPI
73%
Camping Paradis
72%
Nos chers voisins
66%
Soda
66%
La flamme
65%
Le flambeau
65%
Léo Matteï, Brigade des mineurs
65%
Caméra Café
58%
Demain nous appartient
56%
Kaamelott
52%
Clem
48%
Petits secrets entre voisins
48%
Fais pas ci, fais pas ça
46%
En famille
45%
Ici tout commence
45%
Les bracelets rouges
45%
Maison de retraite
45%
Panda
45%
Cat's Eyes
44%
Le nounou
44%
Capitaine Marleau
42%
Scènes de ménage
42%
La petite histoire de France
39%
Munch
39%
Samantha, oups!
39%
Sous le soleil
39%
Hélène et les garçons
38%
Pep's
37%
Candice Renoir
35%
Section de recherches
35%
Dix pour cent
34%
La stagiaire
34%
Plus belle la vie, encore plus belle
34%
Le remplaçant
32%
Balthazar
31%
Sam
31%
Parents, mode d'emploi
30%
Julie Lescaut
28%
Louis la brocante
28%
Monsieur Parizot
28%
Profilage
28%
Une famille formidable
28%
Alice Nevers : le juge est une femme
27%
Baron noir
27%
Famille d'accueil
27%
Master Crimes
27%
Sœur Thérèse.com
27%
Alex Hugo
25%
Astrid et Raphaëlle
25%
Erica
24%
Je te promets
24%
Le bureau des légendes
24%
Flashback
23%
Les mystères de l'amour
21%
Premiers baisers
21%
La belle et le boulanger
20%
L'art du crime
20%
Navarro
20%
Nina
20%
Caïn
18%
Mongeville
18%
Tandem
18%
Tropiques criminelles
18%
Une femme d'honneur
18%
Un village français
18%
Cassandre
17%
Les Cordier, juge et flic
17%
Les Petits Meurtres d'Agatha Christie
17%
César Wagner
15%
Cherif
15%
Le Diplôme
15%
Les enquêtes du commissaire Maigret
15%
Meurtres au paradis
15%
Le négociateur
14%
Les toqués
14%
Face à face
13%
RIP
13%
Salut les musclés
13%
Stalk
13%
Tom et Lola
13%
Un si grand soleil
13%
Commissaire Magellan
11%
Le fil d'ariane
11%
Nouveau jour
11%
Père et maire
11%
Cœur Océan
10%
Le voyageur
10%
Nestor Burma
10%
Alexandra Ehle
8%
A priori
8%
Commandant Saint-Barth
8%
La faute à Rousseau
8%
RIS police scientifique
7%
Diane, femme flic
4%
Flair de famille
1%
Aucun quiz correspondant
Distribution des résultats
% des personnes avec chaque résultat
Percentile par nombre de réponses
Votre historique - résultats
Vous n’avez pas pris ce quiz depuis la dernière actualisation